Top JetPunk Users by Letter - K - Statistics

General Stats
  • This quiz has been taken 22 times
    6 since last reset
  • The average score is 1 of 5
Answer Stats
Number of Plays Number of Quizzes User % Correct
656,003 195 kalbahamut
60%
899,300 632 kiwirage
60%
820,065 1,285 KoljiVriVoda
20%
433,937 27 katsudk
0%
495,538 142 Kvkq
0%
No matching quizzes found
Score Distribution
Percent of People with Each Score
Percentile by Number Answered
Your Score History
You have not taken this quiz since the last reset